000
00296nam a2200121Ia 4500
008
170620s9999 xx 000 0 und d
100
_a
JAIN- N.K. & SHARMA S.N.
245
0
_a
PHARMACEUTICAL MICROBILOGY
260
_b
S.CHAND
260
_c
2008
300
_a
1365
546
_a
English
690
_a
PHARMACEUTICAL MICROBILOGY
999
_c
31078
_d
31078